Evaluación de la calidad mediante el modelo Malcolm Baldrige en la empresa de Valazo ubicada en la ciudad de León
El presente estudio se basa en evaluar el sistema de gestión de la calidad mediante el modelo Malcolm Baldrige en la empresa Valazo, en el cual se describen la gestión de la calidad como son los enfoques, sistemas y modelos.
| Main Authors: | , |
|---|---|
| Other Authors: | |
| Format: | Tesis Section = Libro |
| Language: | Undetermined Spanish |
| Published: |
Managua
UNI
2022
|
| Subjects: |
| LEADER | 01054nam a2200253Ia 4500 | ||
|---|---|---|---|
| 008 | 240830s9999 xx 000 0 und d | ||
| 040 | |a BIBLIOTECA-RUPAP/ Mon 658.568 V161 | ||
| 041 | |a spa | ||
| 082 | |a Mon 658.568 V161 | ||
| 100 | 1 | |a Valenzuela Valle, Raquel Mercedes | |
| 100 | 1 | |b Mendoza Benavides, Roberto Josué | |
| 245 | 1 | 0 | |a Evaluación de la calidad mediante el modelo Malcolm Baldrige en la empresa de Valazo ubicada en la ciudad de León |
| 260 | |a Managua |b UNI |c 2022 | ||
| 300 | |a 55 p.: il. | ||
| 500 | |a Contiene: anexos y CD. | ||
| 502 | |a Tesis (Ingeniero Industrial) - UNI, 2022. | ||
| 520 | 3 | |a El presente estudio se basa en evaluar el sistema de gestión de la calidad mediante el modelo Malcolm Baldrige en la empresa Valazo, en el cual se describen la gestión de la calidad como son los enfoques, sistemas y modelos. | |
| 650 | 7 | |a CALIDAD TOTAL | |
| 650 | 7 | |b GESTION DE CALIDAD | |
| 650 | 7 | |c PLANEACION ESTRATEGICA | |
| 700 | 1 | |a Tutor: |b Cáceres Antón, Juan Agustín | |
| 942 | |c BK |2 ddc | ||
| 991 | |a TESIS | ||
| 999 | |c 19141 | ||